Rugby: Ranfurly Shield - Statistics

General Stats
  • This quiz has been taken 19 times
  • The average score is 15 of 17
Answer Stats
# team % Correct
16 Auckland
100%
1 Bay of Plenty
100%
5 Hawke's Bay
100%
7 Southland
100%
10 Waikato
100%
10 Wellington
100%
15 Canterbury
94%
1 Manawatu
94%
1 North Harbour
94%
5 Otago
94%
1 Counties Manukau
88%
6 Taranaki
88%
4 Northland
76%
3 Wairarapa
76%
2 South Canterbury
71%
1 Marlborough
65%
1 Manawhenua
53%
No matching quizzes found
Score Distribution
Percent of People with Each Score
Percentile by Number Answered
Your Score History
You have not taken this quiz